Score 0/25 Timer 06:00
2 Plays Today
Grid Location Movie % Correct
2EHome Alone
97.6%
1AHarry Potter and the Goblet of Fire
97.6%
5CHappy Feet
95.3%
2DThe Hangover
91.1%
1DThe Hunchback of Notre Dame
87.9%
5DHook
85.8%
2AHappy Gilmore
80.7%
1EHairspray
80.1%
1BHow to Train Your Dragon
77.8%
5FHellboy
76.5%
4DHarold and Kumar Go to White Castle
74.1%
5BHancock
61%
4CHotel Rwanda
55%
Grid Location Movie % Correct
5AHot Fuzz
52%
4AThe Hurt Locker
47.5%
4BThe Hunt for Red October
45.4%
3DHanna
40.7%
3FHoward the Duck
39.3%
2CHalloween
39.1%
3EHoosiers
36.7%
2BHigh Noon
33.2%
4FThe Hustler
28.1%
4EHouse Party
24.8%
1CA History of Violence
23.1%
3AHot Shots!
22.6%
Come Together.
Have Fun.
All Virtual.
We all need to come together. Play Sporcle's virtual live trivia to have fun, connect with people, and get your trivia on. Join a live hosted trivia game for your favorite pub trivia experience done virtually. If a virtual private party is more your thing, go here for details.

You're not logged in!

Compare scores with friends on all Sporcle quizzes.
OR
Log In

Sporcle TV

Today on Sporcle TV


Watch our educational content, quiz creation guides, and fun videos on Sporcle TV.

Show Comments

Extras

Top Quizzes Today


Score Distribution

Paid Content

Your Account Isn't Verified!

In order to create a playlist on Sporcle, you need to verify the email address you used during registration. Go to your Sporcle Settings to finish the process.

Report this User

Report this user for behavior that violates our Community Guidelines.

Details: